| 000 -LEADER | |
|---|---|
| fixed length control field | 00429nam a22001697a 4500 |
| 005 - DATE AND TIME OF LATEST TRANSACTION | |
| control field | 20180703114926.0 |
| 008 - FIXED-LENGTH DATA ELEMENTS--GENERAL INFORMATION | |
| fixed length control field | 160611b xxu||||| |||| 00| 0 eng d |
| 020 ## - INTERNATIONAL STANDARD BOOK NUMBER | |
| ISBN | 978-0-07-062019-3 |
| 041 ## - LANGUAGE CODE | |
| Language code of text/sound track or separate title | eng |
| 082 ## - DEWEY DECIMAL CLASSIFICATION NUMBER | |
| Item number | 6847 |
| Classification number | 658.0072 |
| 100 ## - MAIN ENTRY--AUTHOR NAME | |
| Personal name | Cooper, Donald R Schindler, Pamela S. |
| 245 ## - TITLE STATEMENT | |
| Title | Business Research Methods. |
| 260 ## - PUBLICATION, DISTRIBUTION, ETC. (IMPRINT) | |
| Place of publication | New Delhi |
| Name of publisher | TMH |
| 300 ## - PHYSICAL DESCRIPTION | |
| Number of Pages | 679p, |
| 650 ## - SUBJECT ADDED ENTRY--TOPICAL TERM | |
| Topical Term | Management |
| 942 ## - ADDED ENTRY ELEMENTS (KOHA) | |
| Koha item type | Books |
| Lost status | Damaged status | Collection code | Home library | Current library | Shelving location | Date acquired | Source of acquisition | Full call number | Accession Number | Koha item type |
|---|---|---|---|---|---|---|---|---|---|---|
| MANAGEMENT | JRU Library | JRU Library | SHELF-63-H | 11/06/2016 | PURCHASE | 658.0072 | 6847 | Books | ||
| MANAGEMENT | JRU Library | JRU Library | SHELF-63-H | 11/06/2016 | PURCHASE | 658.0072 | 6848 | Books | ||
| MANAGEMENT | JRU Library | JRU Library | SHELF-63-H | 11/06/2016 | PURCHASE | 658.0072 | 6849 | Books | ||
| Reference | JRU Library | SHELF-30-E | 11/06/2016 | 658.0072 | 6850 | Books | ||||
| MANAGEMENT | JRU Library | JRU Library | SHELF-63-H | 11/06/2016 | PURCHASE | 658.0072 | 6851 | Books | ||
| MANAGEMENT | JRU Library | JRU Library | SHELF-63-H | 11/06/2016 | 658.0072 | 6852 | Books | |||
| MANAGEMENT | JRU Library | JRU Library | SHELF-63-H | 11/06/2016 | PURCHASE | 658.0072 | 6853 | Books | ||
| MANAGEMENT | JRU Library | JRU Library | SHELF-63-H | 11/06/2016 | PURCHASE | 658.0072 | 6854 | Books | ||
| JRU Library | SHELF-17-E | 11/06/2016 | 658.0072 | 6855 | Books | |||||
| MANAGEMENT | JRU Library | JRU Library | SHELF-40-M | 11/06/2016 | PURCHASE | 658.0072 | 6856 | Books |